00474nam a22001818a 450000500170000000800410001701000140005802000110007203500130008303700150009604000180011108200100012910000230013924500450016226000380020730000240024565000230026920080908163306.0080829s2008 cau b 001 0 eng  aENG-92350 c150.00 aEN-75883 bDBAD / PUB adplbEnglish  a591.6 aSharmila Banu, G.  aEconomic zoology /cby G. Sharmila Banu  aErodebPallavi Pathippagam c2008 a122p. c20cm (pbk)  aZoology, Economic.